LIBRARY & INFORMATION CENTRE, KCAET, TAVANUR

ONLINE PUBLIC ACCESS CATALOGUE (OPAC)

Performance of Solar Energy Converters: Thermal Collectors and Photovolatile Cells / (Record no. 9865)

MARC details
000 -LEADER
fixed length control field 00328cam a2200109ua 4500
082 ## - DEWEY DECIMAL CLASSIFICATION NUMBER
Classification number 621.47
Item number BEG/PE
100 ## - MAIN ENTRY--AUTHOR NAME
Personal name Beghi, G .
245 ## - TITLE STATEMENT
Title Performance of Solar Energy Converters: Thermal Collectors and Photovolatile Cells /
260 ## - PUBLICATION, DISTRIBUTION, ETC. (IMPRINT)
Place of publication London :
Name of publisher Reidel Publishing Company ,
Year of publication 1983.
300 ## - PHYSICAL DESCRIPTION
Number of Pages 527 ; .
942 ## - ADDED ENTRY ELEMENTS (KOHA)
Koha item type Reference
Holdings
Withdrawn status Lost status Damaged status Collection code Home library Current library Shelving location Date acquired Full call number Accession Number Koha item type
      Reference KAUAET KAUAET Reference 07/04/2012 621.47.BEG/PE 19912 Reference
free website counter